000 01175nam a2200325 i 4500
003 EG-GICUC
005 20260121101408.0
008 251130s1991 ||||fr|||| 000 0 ara d
040 _a EG-GICUC
_bara
_c EG-GICUC
_d EG-GICUC
_erda
041 _aara
082 0 4 _221
_a343.30568
_bم ح . و
092 0 4 _221
099 _aLaw1 10 343.30568 م ح . و 1991
100 0 _aمحمد ضحى نجم
_eمؤلف.
245 1 2 _aالوجيز في قانون أصول المحاكمات الجزائية الأردني /
_cالدكتور محمد ضحى نجم
250 _aالطبعة الاولى
264 1 _aعمان :
_bمكتبة دار الثقافة,
_c1991.
300 _a408 صفحة ؛
_c24 سم.
336 _2rda content
_atext
337 _2rda media
_aComputer
338 _2rda carrier
_aOnline Resource
500 _aيشتمل على ملاحق.
546 _aالنص باللغة العربية
650 1 4 _aالقانون الجنائي
_2qrmak
650 1 4 _aقانون الإجراءات الجنائية
651 1 _2qrmak
856 4 0 _uhttps://fll.law.cu.edu.eg/fulltext/bks/B10-05702.pdf
905 _a5
_eHassnaa
942 _2ddc
_cBK
_e21
_n0
999 _c47467
_d47467